000 00665nam a2200205 a 4500
001 000022465
005 20240412074250.0
008 101011s2003 xxu 000 p spa d
020 _a9993404322
040 _aDO-SdBNP
_bspa
_cBNPHU
082 _aRD861.44
_bR789c
100 1 _aRosario Rodríguez, Manuel Aurelio,
_d1964-
_946296
245 1 0 _aCarnaval de los héroes /
_cManuel Aurelio Rosario Rodríguez.
260 _aNew Jersey :
_bRobooki Editorial,
_c2003.
300 _a100 p. ;
_c22 cm.
500 _aIncluye datos biográficos del autor en la contracubierta
650 0 _aPoesía dominicana
_966
650 0 _aLiteratura dominicana.
_967
049 _aBNPD
999 _c21963
_d21963